| 000 | 00547pam a22001934a 4500 | ||
|---|---|---|---|
| 020 | _a1565491327 | ||
| 040 | _cDLC | ||
| 082 | _aFAO ROM 2011 C146 Or. | ||
| 100 | 1 | _aHelmore, Kristin | |
| 245 | 1 | 0 |
_aSustainable livelihoods : Beekeeping _bbuilding on the wealth of the poor / |
| 300 |
_axiv, 128 pages : _billustrations, map ; _c23 cm |
||
| 650 | 0 | _aEconomic development | |
| 650 | 0 | _aSustainable development | |
| 650 | 0 | _aHuman capital | |
| 650 | 0 | _aRural poor | |
| 650 | 0 | _aRural development | |
| 700 | 1 | _aSingh, Naresh | |
| 942 | _cAEDBB | ||
| 999 |
_c21005 _d21005 |
||